000 00386nam a2200157Ia 4500
005 20250310044336.0
008 240331s9999 xx 000 0 und d
020 _a9552103193
082 _bDIK
_a800
100 _aDikans,C
245 0 _aDavid Coperfield
260 _aNugegoda
_bM.D.Gunasena & co
_c1991
300 _axiv, 152 p .,
500 _aStory of David Coperfield
942 _cL
999 _c4849
_d4849